The New Mathematics of Architecture /

Salvato in:
Dettagli Bibliografici
Autori principali: Burry, Jane (Autore), Burry, Mark (Autore)
Natura: Libro
Lingua:inglese
Pubblicazione: London : Thames & Hudson, 2010
Soggetti:
Tags: Aggiungi Tag
Nessun Tag, puoi essere il primo ad aggiungerne!!

MARC

LEADER 00000nam a22000003a 4500
001 stu220150
005 20190325164558.3
008 110118s2010------------------------eng-d
020 |a 978-0-500-34264-0 
040 |a STU  |b slo 
041 0 |a eng 
044 |a xxk 
100 1 |a Burry, Jane  |4 aut 
245 1 |a The New Mathematics of Architecture /  |c aut. Jane Burry, Mark Burry 
260 |a London :  |b Thames & Hudson,  |c 2010 
300 |a 271 s. 
650 7 |a architektúra digitálna  |2 stusub 
650 7 |a experimentálna architektúra 
650 7 |a občianske budovy 
650 7 |a obytné budovy 
700 1 |a Burry, Mark  |4 aut 
996 |b 284AU04676  |c A*7214 U  |l AAKNAR  |s A  |a 24  |w stu220150_0001 
996 |b 284AU07274  |c A* 10523/U  |l AAKNAR  |s A  |a 24  |w stu220150_0003